| 000 | 00987cab a2200277 4500 | ||
|---|---|---|---|
| 001 | ABS52874 | ||
| 008 | 090401t1995 xxu||||| |||| 00| 0 eng d | ||
| 035 | _a(Sirsi) u601 | ||
| 041 | _aeng | ||
| 100 | _aPowell-Smith, V. | ||
| 245 | _aWritten in cement | ||
| 260 | _c1995 | ||
| 350 | _a0 | ||
| 490 |
_aContract Journal _v378(6024) 11 May 1995, 14(1) |
||
| 520 | _aExamines the implications for contractors and supervisory staff, of the environmental case of "National Rivers Authority v Alfred McAlpine Homes East", a prosecution under the Water Resources Act 1991 s85, affecting the principle of strict liability. | ||
| 650 | _aCONTRACTUAL LIABILITY | ||
| 650 | _aCONTROLLING MIND PRINCIPLE | ||
| 650 | _aNATIONAL RIVERS AUTHORITY V ALFRED MCALPINE HOMES EAST | ||
| 650 | _aNUISANCE | ||
| 650 | _aPOLLUTION | ||
| 650 | _aSTRICT LIABILITY | ||
| 650 | _aWATER RESOURCES ACT 1991 S85 | ||
| 690 | _aENVIRONMENTAL AND LAND CONSULTANCY | ||
| 942 | _n0 | ||
| 948 | _c04/03/1997 | ||
| 999 |
_c294 _d294 |
||